Political Leaders by Election Slogans - Statistics

General Stats
  • This quiz has been taken 27 times
  • The average score is 11 of 20
Answer Stats
Picture Hint Answer % Correct
Make America Great Again Donald Trump/Ronald Reagan
100%
Strong President, Strong Russia Vladimir Putin
95%
Yes, We Can Barack Obama
73%
We all / Us all Emmanuel Macron
73%
Justin Trudeau
73%
We have the power Angela Merkel
68%
George H. W. Bush
68%
Ready to Revive Italy Giorgia Meloni
68%
Revolution is not a dinner party Mao Zedong
59%
The Chinese Dream Xi Jinping
59%
Margaret Thatcher
55%
Take back Japan Shinzō Abe
55%
Brazil Above Everything, God Above Everyone Jair Bolsonaro
50%
Nelson Mandela
50%
Chávez, I swear, I am voting for [XXXXXX]. Nicolás Maduro
50%
Not a step back! Joseph Stalin
45%
Until Victory, Forever! Che Guevara
36%
Homeland or death. We will prevail! Fidel Castro
36%
Jeremy Corbyn
9%
Hope is with work Bashar al-Assad
0%
No matching quizzes found
Score Distribution
Percent of People with Each Score
Percentile by Number Answered
Your Score History
You have not taken this quiz